000 00643nam a22002057a 4500
999 _c19428
_d19428
003 AR-CdUCM
008 190517b ||||| |||| 00| 0 spa d
040 _aMUNICIPALIDAD PROVINCIAL DEL CUSCO
_cBIBLIOTECA MUNICIPAL DEL CUSCO
082 _a869.56 /
_bSI617
100 _aSingerman, Berta
_940755
245 _aPoesía universal /
260 _aBuenos Aires :
_bSiglo veinte,
_c1961.
300 _a559 páginas ;
_c23 cm.
505 _aContenido: Poetas latinoamericanos.
650 _aPoetas latinoamericanos
_919987
650 _aAmérica latina
_94491
650 _aArgentina
_9511
942 _2ddc
_cFOLLETOS
945 _adavv
_d2019-05-17